Quiz Wiedzy Ogólnej ( Trudny ) - Statystyki

Ogólne statystyki
  • Ten quiz został rozwiązany 296 razy
  • Średni wynik to 22 z 50
Statystyki odpowiedzi
Pytanie Odpowiedź % Poprawnych
2.Pierwiastek sześcienny z 8 2
92%
6.Ile strun ma gitara klasyczna 6
89%
9.Państwo graniczące tylko z Wielką Brytanią Irlandia
88%
1.W jakim kraju znajduje się rzeka Jangcy Chiny
83%
5.Kolor nadziei Zielony
80%
10.Zjawisko optyczne i meteorologiczne, występujące w postaci charakterystycznego wielobarwnego łuku powstającego w wyniku rozszczepienia światła widzialnego Tęcza
79%
35.Jaką część ciała odciął sobie Vincent van Gogh Ucho
79%
3.Imię polskiego polihistora , który wprowadził koncepcję heliocentryzmu Mikołaj
73%
7.Była stolica Rosji Petersburg
73%
26.Ostatni król Polski Stanisław August Poniatowski
70%
13.Alkohol pochodzący z Japonii produkowany z ryżu Sake
68%
27.Największa wyspa na Ziemii ( Kontynentów nie liczymy jako wyspy ) Grenlandia
67%
21.Państwo ze stolicą Bangkok Tajlandia
67%
28.Brytyjski muzyk, piosenkarz rockowy i autor tekstów, były wokalista brytyjskiej grupy Queen Freddie Mercury
64%
33.Jaki rodzaj władzy w Polsce sprawuje Senat? Ustawodawczą
60%
18.Państwo Europy , w którym wykonywana jest kara śmierci Białoruś
59%
16.1% to jaki ułamek dziesiętny 0.01
58%
11.Imię żeglarza , który opłynął świat Ferdynand
58%
8.Symbol Palladu ( Pierwiastek Chemiczny ) Pd
58%
22.Jedno z największych na świecie przedsiębiorstw z branży informatycznej. Najbardziej znane jako producent systemów operacyjnych MS-DOS Microsoft
52%
49.Przyrząd do pomiaru temperatury metodą pośrednią, na podstawie zmiany pod wpływem temperatury właściwości termometrycznej ciała Termometr
52%
30.W którym roku do wprowadzono Euro do obiegu gotówkowego? 2002
50%
24.Specjalne japońskie formacje wojskowe okresu II wojny światowej. Żołnierze poświęcali swoje życie w ataku na nieprzyjaciela Kamikaze
50%
47.Umowa międzynarodowa z 23 sierpnia 1939 roku, będąca formalnie paktem o nieagresji pomiędzy III Rzeszą i Związkiem Socjalistycznych Republik Radzieckich Pakt Ribbentrop-Mołotow
50%
12.Czyją kolonią była Brazylia Portugalii
48%
44.Zamień liczbę rzymską MMMCDXLIV na arabską 3444
47%
31.Najwyższy szczyt Alp Mont Blanc
46%
38.Gdzie urodził się ( w jakim kraju ) Iosif Wissarionowicz Dżugaszwili? Gruzja
44%
40.Główny kierunek w kulturze europejskiej, którego trwanie datuje się od końca XVI wieku do XVIII wieku Barok
43%
41.Egzotermiczna reakcja chemiczna przebiegająca między materiałem palnym lub paliwem a utleniaczem, z wydzieleniem ciepła i światła Spalanie
39%
32.W którym europejski państwie znajduje się Wał Hadriana? Wielka Brytania
38%
4.Budowla obronna, stanowiąca element starożytnego i średniowiecznego muru obronnego w postaci wysunięcia Baszta
36%
45.Jeden z czołowych nurtów protestantyzmu, obok luteranizmu ( ewangelicyzm reformowany ) Kalwinizm
33%
15.Dział medycyny zajmujący się diagnostyką, leczeniem i profilaktyką chorób układu oddechowego Pulmonologia
33%
50.Dział botaniki zajmujący się drzewami i krzewami, w tym m.in. ich morfologią, anatomią, geografią, genetyką Dendrologia
28%
34.Część terytorium państwa lub innej jednostki administracyjnej, położona w oddzieleniu od głównego jego obszaru Eksklawa
23%
20.Austriacki przyrodnik, zakonnik, opat zakonu augustianów w Brnie na Morawach, prekursor genetyki Gregor Johann Mendel OSA
22%
42.Król Polski, król Węgier od 1440, starszy syn Władysława Jagiełły Władysław III Warneńczyk
20%
19. Trzeci książę Polan z dynastii Piastów wspomniany w Kronice polskiej Galla Anonima . Ojciec Mieszka I Siemomysł
18%
46.Jednostka administracyjno-terytorialna utworzona przez III Rzeszę na podstawie dekretu Adolfa Hitlera (GG) Generalne Gubernatorstwo
16%
23.Przedrostek jednostki miary o symbolu oznaczający mnożnik 10−12 ( jedna bilionowa ) Piko
14%
36.Wzór sumaryczny alkoholu butanowego C4H9OH
13%
43.Wektorowa wielkość fizyczna opisująca mechanikę, a więc ruch i oddziaływania obiektu fizycznego Pęd
13%
17. Licznie występujące struktury leżące na przebiegu naczyń limfatycznych Węzły chłonne
13%
14.Obszar stale zamieszkany przez człowieka Ekumena
9%
37.Przyrząd ilustrujący zasadę zachowania pędu i energii podczas sprężystego zderzenia kul Kołyska Newtona
6%
39.Gatunek słodkowodnej ryby karpiokształtnej z rodziny karpiowatych ( potocznie siniec ) Rozpiór
3%
25. W stratyfikowanych zbiornikach wodnych warstwa wody, w której następuje szybka zmiana temperatury wraz ze wzrostem głębokości Termoklina
2%
48.Dyscyplina pomocnicza historii. Zajmuje się chorągwiami jako rzeczywistymi i symbolicznymi znakami wojskowymi, państwowymi, terytorialnymi, organizacji i grup społecznych czy wyznaniowych Weksykologia
1%
29.W starożytnym Rzymie – część muru pomalowana na biało przeznaczona do umieszczania ogłoszeń Album
0%
Nie znaleziono quizów pasujących do podanych kryteriów
Rozkład punktacji
Procent ludzi z każdym wynikiem
Percentyl według liczby udzielonych odpowiedzi
Twoja historia wyników
Nie rozwiązałeś tego quizu